000 00647nam a2200241Ia 4500
003 OSt
005 20220925204951.0
006 a|||||r|||| 00| 0
007 ta
008 220923b |||||||| |||| 00| 0 eng d
020 _a90.247.1851.1
037 _cGeneral Book
040 _aRTL
_cRTL
_beng
041 _2eng
_aeng
082 _aX:54, L6
100 _aRijnvos C J
_9269342
245 0 _aNew approach to the theory of international trade.
260 _aHague
_bNijhoff
_c1976
300 _a121p. Bib p 117-118
_ccm.
650 _aExport
942 _hX:54, L6
_cGB
_2CC
999 _c550864
_d550864